<?xml version="1.0" encoding="UTF-8"?>
<collection xmlns="http://www.loc.gov/MARC21/slim">
 <record>
  <leader>     na                 </leader>
  <controlfield tag="001">INLIS000000000019916</controlfield>
  <controlfield tag="005">20230118033934</controlfield>
  <controlfield tag="007">ta</controlfield>
  <controlfield tag="008">230118                g          0 ind  </controlfield>
  <datafield tag="020" ind1=" " ind2=" ">
   <subfield code="a">978-602-9033-62-5</subfield>
  </datafield>
  <datafield tag="035" ind1=" " ind2=" ">
   <subfield code="a">0010-0123000799</subfield>
  </datafield>
  <datafield tag="082" ind1=" " ind2=" ">
   <subfield code="a">174.4</subfield>
  </datafield>
  <datafield tag="084" ind1=" " ind2=" ">
   <subfield code="a">174.4 MUH p</subfield>
  </datafield>
  <datafield tag="100" ind1="0" ind2=" ">
   <subfield code="a">Muhaimin</subfield>
   <subfield code="e">Pengarang</subfield>
  </datafield>
  <datafield tag="245" ind1="1" ind2=" ">
   <subfield code="a">Perbandingan Praktik Etika Bisnis Etnik Cina dan Pembisnis Lokal</subfield>
  </datafield>
  <datafield tag="250" ind1=" " ind2=" ">
   <subfield code="a">Cetakan 1</subfield>
  </datafield>
  <datafield tag="264" ind1=" " ind2=" ">
   <subfield code="a">Yogyakarta :</subfield>
   <subfield code="b">Pustaka Pelajar,</subfield>
   <subfield code="c">2011</subfield>
  </datafield>
  <datafield tag="300" ind1=" " ind2=" ">
   <subfield code="a">xiii + 145 halaman ;</subfield>
   <subfield code="c">22 Cm</subfield>
  </datafield>
  <datafield tag="336" ind1=" " ind2=" ">
   <subfield code="2">rdacontent</subfield>
   <subfield code="a">Teks</subfield>
  </datafield>
  <datafield tag="337" ind1=" " ind2=" ">
   <subfield code="2">rdamedia</subfield>
   <subfield code="a">Tanpa Perantara</subfield>
  </datafield>
  <datafield tag="338" ind1=" " ind2=" ">
   <subfield code="2">rdacarrier</subfield>
   <subfield code="a">Lembar</subfield>
  </datafield>
  <datafield tag="504" ind1=" " ind2=" ">
   <subfield code="a">141-145 halaman</subfield>
  </datafield>
  <datafield tag="520" ind1=" " ind2=" ">
   <subfield code="a">Perbandingan Praktik Etika Bisnis Etnik Cina dan Pembisnis Lokal&#13;
&#13;
Perbincangan soal etika bisnis akan semakin mengemuka mengingat arus globalisasi semakin deras terasa. Globalisasi memberikan tatanan ekonomi baru dimana para pelaku bisnis dituntut melakukan bisnis secara fair. Bisnis yang dijalankan dengan melanggar prinsip-prinsip agama dan nilai-nilai etika seperti pemborosan, manipulasi, ketidakjujuran, monopoli, kolusi dan nepotisme cenderung tidak produktif dan menimbulkan inefisiensi. Manajemen yang tidak memperhatikan dan tidak menerapkan nilai-nilai agama (nilai-nilai moral), hanya berorientasi pada laba (tujuan) jangka pendek, tidak akan mampu survive dalam jangka panjang. (Sri Sugiarti: 2005).&#13;
&#13;
Dalam konsepsi Islam, bisnis adalah perkara yang paling dekat dengan ajaran Islam, bahkan bisnis telah mewarnai kehidupan Nabi Muhammad saw. sebagai pembawa ajaran Islam. Dan Islam tidak pernah memisahkan ekonomi dengan akhlak, hal itulah yang membedakan Islam dengan kapitalisme dan materialisme. Islam juga tidak pernah memisahkan ilmu dengan akhlak, politik dengan akhlak, perang dengan akhlak, dan aktivitas muamalah dengan akhlak (Anonim, 2000). Sebagaimana juga Islam tidak memisahkan agama dengan negara dan materi dengan spritual seperti yang dilakukan Eropa dengan konsep sekularismenya. Akhlak dalam konsep Islam sepadan dengan moral dalam pandangan umum. Secara universal, siapapun tidak suka jika diperlakukan secara tidak bermoral. Nabi saw. bersabda: &quot;Sesungguhnya aku diutus untuk menyempurnakan akhlak mulia&quot;. Risalah yang dibawa beliau merupakan sekumpulan aturan berupa perintah dan larangan untuk membina umat manusia yang terbaik. Oleh karenanya, akhlak merupakan implementasi dari tingkat ketaatan seorang muslim terbatasap nilai-nilai agamanya.&#13;
&#13;
Dalam konteks perbincangan tentang etika bisnis ini, muncul satu isu menarik dan ia menjadi realitas di lapangan yaitu dominasi keberhasilan pebisnis etnik Cina ke atas bidang bisnis di mana saja mereka berada, tersebar di segenap negara ASEAN seperti Malaysia, Indonesia, Singapura, Thailand dan lain-lain. Walaupun mereka jumlahnya sedikit dan minoritas, tetapi kekuatan ekonomi dapat mereka kuasai. Barangkali inilah yang menjadi indikasi pemaknaan hadis Nabi Muhammad saw.: &quot;Tuntutlah ilmu walau sampai ke negeri Cina&quot;.&#13;
&#13;
Buku ini akan coba membahas lebih jauh dan mendalam tentang kebenaran asumsi-asumsi tersebut yaitu menyajikan suatu kajian perbandingan praktik etika bisnis etnik Cina dengan praktik etika pebisnis lokal di Banjarmasin. (Spy)</subfield>
  </datafield>
  <datafield tag="650" ind1=" " ind2="4">
   <subfield code="a">Etika Bisnis</subfield>
  </datafield>
  <datafield tag="700" ind1="0" ind2=" ">
   <subfield code="a">Sukarni</subfield>
   <subfield code="e">Penyunting</subfield>
  </datafield>
  <datafield tag="990" ind1=" " ind2=" ">
   <subfield code="a">071912</subfield>
  </datafield>
 </record>
</collection>
